Grandeza y servidumbre de la inteligencia

Uloženo v:
Podrobná bibliografie
Hlavní autor: Ors, Eugenio d' (autor)
Médium: Kniha
Jazyk:španělština
Vydáno: Madrid Publicaciones de la Residencia de Estudiantes 1919
Edice:Serie Varia, 4
Témata:
Tagy: Přidat tag
Žádné tagy, Buďte první, kdo vytvoří štítek k tomuto záznamu!

MARC

LEADER 00000nam a2200000 a 4500
001 UCZ5958
003 CL-VaPUC
005 20221114170251.0
008 951130e19190000SP |||||||||||||||||spa|d
999 |c 242230  |d 242228 
040 |c Pontificia Universidad Católica de Valparaíso 
082 0 4 |a 153.9  |b ORS  |2 21 
100 |a Ors, Eugenio d'  |e autor  |9 347022 
245 1 0 |a Grandeza y servidumbre de la inteligencia 
260 |a Madrid  |b Publicaciones de la Residencia de Estudiantes  |c 1919 
300 |a 71 p 
490 0 |a Serie Varia, 4 
583 |a last modification  |c 19951130 00:00:00  |k Rodrigo Vera 
650 0 |a Inteligencia  |9 267038 
942 |c BK  |2 ddc 
945 |d 19951130 00:00:00  |a rleighto 
952 |0 0  |1 0  |4 0  |6 153_900000000000000_ORS_1919  |7 0  |8 P  |9 255043  |a BIBEDU  |b BIBEDU  |c BIBEDU_PB  |d 2019-11-19  |i 3153177  |o 153.9 ORS 1919  |p 3153177  |r 2024-01-25  |w 2019-11-19  |y BK  |k EDU 
952 |0 0  |1 0  |4 0  |6 153_900000000000000_ORS_1919  |7 0  |8 P  |9 255044  |a BIBEDU  |b BIBEDU  |c BIBEDU_PB  |d 2019-11-19  |i 3151522  |o 153.9 ORS 1919  |p 3151522  |r 2024-01-25  |w 2019-11-19  |y BK  |k EDU